000 00795nam a2200253Ia 4500
003 OSt
005 20221005104550.0
006 a|||||r|||| 00| 0
007 ta
008 221004b |||||||| |||| 00| 0 hin d
024 _a31891
037 _cTextual
040 _aCRL
_cCRL
_bhin
041 _2hin
_ahin
082 _aO152,3N161,1, M7
100 _aनागर, अमृतलाल
245 0 _aमानस के हंस
246 _aMānas ke hansa
260 _aदिल्ली
_bराजपाल एण्ड सन्ज़ भारत
_c1987
300 _a380पृं.
_ccm.
650 _aहिन्दी कहानी
942 _hO152,3N161,1, M7
_cTEXL
_2cc
999 _c1013111
_d1013111